000 006650000a22002050004500
090 _aAR
_b01740
245 1 0 _aDesigning and testing sampling protocols to estimate biodiversity in tropical ecosystems
650 1 4 _aEcología
_992250
650 1 4 _aBiodiversidad
_992204
650 1 4 _aEcosistemas tropicales
_93564
650 1 4 _aEvolución
_992797
041 0 _aInglés
700 1 _aGriswold, Charles E.
_995160
700 1 _aSalvia Dávila, Diana
_995161
700 1 _aPeñaranda, Efrain
_995162
700 1 _aLarcher, Scott
_995163
100 1 _aCoddington, Jonathan A.
_993143
942 _cARTICULO
773 1 _tUnity of Evolutionary Biology
_3594
_q44-60
_d1991?
999 _c10819
_d10819